000 00360nam a2200133Ia 4500
008 240624s9999 xx 000 0 und d
041 _aeng
082 _a332.6 CHA
100 _aCHANDRA PRASANNA
245 _aINVESTMENT ANALYSIS AND PORTFOLIO MANAGE
250 _a(2nd ed.)
260 _c2005
_aNew Delhi
_bTata McGrawhill
300 _axxi, : 688 : p. : cm. ; 24
999 _c4998
_d4998